Fábulas forenses
Saved in:
| Main Author: | |
|---|---|
| Format: | Book |
| Language: | Spanish |
| Published: |
Buenos Aires
Universidad de Buenos Aires
1981
|
| Series: | IV Centenario de Buenos Aires, 2
|
| Subjects: | |
| Tags: |
Add Tag
No Tags, Be the first to tag this record!
|
MARC
| LEADER | 00000nam a2200000 a 4500 | ||
|---|---|---|---|
| 001 | UCR1407 | ||
| 003 | CL-VaPUC | ||
| 008 | 971219e19810000AG |||||||||||||||||spa|d | ||
| 082 | 0 | 4 | |a 398.245 |b EST |2 21 |
| 100 | 0 | |a Esteves Saguí, Miguel |e author |9 398461 | |
| 245 | 1 | 0 | |a Fábulas forenses |
| 300 | |a 175 p | ||
| 942 | |c BK | ||
| 945 | |d 19971219 00:00:00 |a cmena | ||
| 260 | |a Buenos Aires |b Universidad de Buenos Aires |c 1981 | ||
| 650 | 7 | |a FABULAS |2 CL-VaPUC |9 398462 | |
| 650 | 0 | |a Literatura argentina |9 320596 | |
| 650 | 7 | |a DERECHO |2 CL-VaPUC |9 398463 | |
| 650 | 7 | |a DERECHO PENAL |2 CL-VaPUC |9 11 | |
| 651 | 0 | |a Argentina |9 254888 | |
| 583 | |a last modification |c 19971219 00:00:00 |k Rodrigo Vera | ||
| 490 | 0 | |a IV Centenario de Buenos Aires, 2 | |
| 999 | |c 264809 |d 264807 | ||
| 952 | |0 0 |1 0 |4 0 |6 398_245000000000000_EST_1981 |7 0 |8 DER_HDC |9 295314 |a BIBDER |b BIBDER |d 2019-11-19 |i 1922513 |o 398.245 EST 1981 |p 1922513 |r 2023-01-25 |w 2019-11-19 |x Ubicación 4to Piso |y BK |z Estos recursos deben solicitarse con anticipación |k DER | ||